00642nam a22002057a 450000500170000001000130001702000220003003500130005203700160006504000120008108200160009310000180010924500700012726000430019727000560024030000220029650000520031865000230037065000430039320170124110042.0 aA-949808 c00.00a8122410340 aA-949808 bCen Lib/Ret aDPLbEN a519.72bSHE aShenoy, G. V. aLinear programming :cby G. V. Shenoybmethods and applications / c1998aNew DelhibNew Age International bNew Delhia4831/24, Ansari Road, Darya Ganje110002 ax,223p.c23cm(Hb) aIncludes bibliographical references and index  aLinear programming aLinear programming--Study and teaching